000 00712cam a2200265 4500
008 090401t1989 xxu||||| |||| 00| 0 eng d
020 _a0851254039
035 _a(Sirsi) u23077
041 _aeng
050 _a693.97
100 _aReeves, B.R.
245 4 _aThe structural condition of Wimpey No-fines low-rise dwellings
260 _aGarston,Watford
_bBuilding Research Establishment
_c1989
300 _aiii,39p. : ill. ; 30cm.
350 _a26
490 _aBRE Report
_v153
650 _aBUILDING DEFECTS
650 _aCONCRETE HOUSES
650 _aNO-FINES CONCRETE
650 _aPREFABRICATION
650 _aSYSTEM BUILT
700 _aMartin, G.R.
942 _n0
948 _c04/03/1997
999 _c88315
_d88315